000 00536nam a2200181Ia 4500
008 100920s9999 xx 000 0 und d
082 _b58111
_a24 थ 92
100 _aपठाण यु. म.
245 _aसय.
260 _bमधुराज पब्लिकेशन्स प्रायव्हेट लिमिटेड, पुणे 2.
_c1992
300 _a116
_bसाधी
365 _b55
520 _aसायो.
630 _aसय.
650 _aसायो.
730 _aसय.
942 _cBOOK
999 _c701842
_d701839